000 00576nam a22001697a 4500
005 20240405120839.0
008 240405b |||||||| |||| 00| 0 eng d
082 _a297.124
_bKHU-S
100 _aKhurseed Hassan Kasmi.
245 _aSanun Nisaye Sharif :
_bUrdu Translation /
_cKhurseed Hassan Kasmi .
260 _aPakistan :
_bMaqtaba-tul-Aloom ;
300 _av-1 (752 p.), v-2 (576 p.), v-3 (688 p.) :
_c24.5 cm .
500 _a1-Set of 3 volumes. 2-v-1 (752 p.), v-2 (576 p.), v-3 (688 p.)
650 _aLiterature / Islamic
650 _aKitab e Sharah
999 _c35535
_d35535